Guide to disciplinary action. (Record no. 76045)

MARC details
000 -LEADER
fixed length control field 00932nam a2200193 a 4500
008 - FIXED-LENGTH DATA ELEMENTS--GENERAL INFORMATION
fixed length control field 120416s1994 ||||||||||||||||| || u
020 ## - INTERNATIONAL STANDARD BOOK NUMBER
International Standard Book Number 0074620665
050 ## - LIBRARY OF CONGRESS CALL NUMBER
Classification number HF 5549 Dat
100 ## - MAIN ENTRY--PERSONAL NAME
Personal name Datta, Sekhar Kumar
245 10 - TITLE STATEMENT
Title Guide to disciplinary action.
250 ## - EDITION STATEMENT
Edition statement 3rd ed.
260 ## - PUBLICATION, DISTRIBUTION, ETC.
Place of publication, distribution, etc. New Delhi:
Name of publisher, distributor, etc. Tata McGraw-Hill
Date of publication, distribution, etc. 1994
350 ## -
-- 0.00
650 #0 - SUBJECT ADDED ENTRY--TOPICAL TERM
Topical term or geographic name entry element MANAGEMENT
650 #0 - SUBJECT ADDED ENTRY--TOPICAL TERM
Topical term or geographic name entry element PERSONNEL MANAGEMENT
995 ## -
-- MAIN LIBRARY OPEN ACCESS
-- 0.00
-- 732708
-- CBU-MAIN LIBRARY (Kitwe)
-- 1
-- 18.00
-- HF 5549 DAT
-- 1
-- AVAILABLE
-- Jun 28, 2006
-- 44371
-- Main Library Open Access Collection
995 ## -
-- ANNEX COLLECTION (Main Library)
-- 0.00
-- 732709
-- CBU-MAIN LIBRARY (Kitwe)
-- 2
-- 18.00
-- HF 5549 DAT
-- 2
-- AVAILABLE
-- Jun 28, 2006
-- 44369
-- Annex Low-Usage Collection
995 ## -
-- MAIN LIBRARY OPEN ACCESS
-- 0.00
-- 732710
-- CBU-MAIN LIBRARY (Kitwe)
-- 3
-- 18.00
-- HF 5549 DAT
-- 3
-- AVAILABLE
-- Jun 28, 2006
-- 44370
-- Main Library Open Access Collection
999 ## -
-- 76045
-- 76045
Holdings
Withdrawn status Lost status Source of classification or shelving scheme Damaged status Not for loan Permanent Location Current Location Shelving location Date acquired Total Checkouts Full call number Barcode Date last seen Copy number Price effective from Koha item type
          CBU-MAIN LIBRARY, KITWE. CBU-MAIN LIBRARY, KITWE.   04/25/2023   HF 5549 Dat 44371 04/25/2023 1 04/25/2023 MONOGRAPH
          CBU-MAIN LIBRARY, KITWE. CBU-MAIN LIBRARY, KITWE.   04/25/2023   HF 5549 Dat 44369 04/25/2023 2 04/25/2023 MONOGRAPH
          CBU-MAIN LIBRARY, KITWE. CBU-MAIN LIBRARY, KITWE.   04/25/2023   HF 5549 Dat 44370 04/25/2023 3 04/25/2023 MONOGRAPH